00465nam a2200157Ia 4500020001900000082002800019100002200047245007000069250001200139260002900151300001400180526003700194526003700231650003000268650000900298 a9698373004(hb) a297.197bHUScL39,P-135 aHussain, Iqbal S. aIslam and Western civilization:bcreating a world of excellence. a2nd ed. aLahore:bAdbistan,c2000 a335p: ill a0b0c0d297_197000000000000_HUS a0b0c0d297_197000000000000_HUS aIslam and Social Problems aNUST